Statistics for Countries the UK Hasn't Invaded

Click here to take the quiz!

General Stats

  • This quiz has been taken 52 times
  • The average score is 11 of 22

Answer Stats

Country% Correct
Vatican City
78%
Andorra
73%
Monaco
67%
Sweden
64%
Bolivia
60%
Liechtenstein
58%
Mongolia
58%
Paraguay
53%
Chad
47%
Kyrgyzstan
47%
Mali
44%
Republic of the Congo
44%
Tajikistan
44%
Uzbekistan
44%
Guatemala
42%
Luxembourg
42%
Central African Republic
40%
Sao Tome and Principe
36%
Belarus
31%
Burundi
29%
Marshall Islands
27%
Ivory Coast
22%

Score Distribution

Percentile by Number Answered

Percent of People with Each Score

Your Score History

You have not taken this quiz